Noms des Mangakas dans le désordre - Statistiques

Statistiques générales
  • Ce quiz a été pris 107 fois
  • Le résultat moyen est 4 sur 10
Statistiques - réponses
Lettres Réponses % Correct
dao Oda
100%
okbu Kubo
73%
oimtkohsi Kishimoto
52%
ahmimsa Mashima
41%
hkriohsio Horikoshi
34%
mayoaa Aoyama
31%
yiotraam Toriyama
27%
otgeog Gotoge
17%
miatuka Akutami
13%
Akinohres Kaneshiro
2%
Aucun quiz correspondant
Distribution des résultats
% des personnes avec chaque résultat
Percentile par nombre de réponses
Votre historique - résultats
Vous n’avez pas pris ce quiz